000
00294nam a2200109Ia 4500
008
200302s9999 xx 000 0 und d
100
_a
James H. Banks
245
_a
Introduction to Transportation Engineering
260
_b
Mcgraw- hill International Book co.,
260
_c
1998
300
_a
388 P.,
999
_c
5417
_d
5417